Αγορές χρήματος & κεφαλαίου : τραπεζική επιστήμη : θεωρία και πράξη

Αποθηκεύτηκε σε:
Λεπτομέρειες βιβλιογραφικής εγγραφής
Κύριος συγγραφέας: Θωμαδάκης, Σταύρος Β.
Άλλοι συγγραφείς: Ξανθάκης, Εμμανουήλ Δ.
Μορφή: Βιβλίο
Γλώσσα:Greek
Δημοσίευση: Αθήνα : Σταμούλης, c2006
Θέματα:
Ετικέτες: Προσθήκη ετικέτας
Δεν υπάρχουν, Καταχωρήστε ετικέτα πρώτοι!

MARC

LEADER 00000cam a2200000 i 4500
001 1/105358
008 090521s2006 gre d
020 |a 960-351-672-4 
035 |l 10104796 
040 |a GR-MY-UA  |b gre  |e aacr 
041 0 |a gre 
082 0 |a 332.1  |2 (22) 
100 1 |a Θωμαδάκης, Σταύρος Β. 
245 1 0 |a Αγορές χρήματος & κεφαλαίου :  |b τραπεζική επιστήμη : θεωρία και πράξη /  |c Σταύρος Β. Θωμαδάκης, Μανώλης Δ. Ξανθάκης 
260 |a Αθήνα :   |b Σταμούλης,   |c c2006 
300 |a 503 σ.;  |c 24 εκ. 
504 |a Περιλαμβάνει βιβλιογραφία και ευρετήριο 
650 0 0 |a Capital market. 
650 0 0 |a Money market. 
650 0 0 |a Finance. 
700 1 |a Ξανθάκης, Εμμανουήλ Δ. 
852 |a INST  |b CHIOS  |e 20090521  |h 332.1 ΘΩΜ  |p 005200030309  |q 005200030309  |t BK  |y 0 
852 |a INST  |b CHIOS  |e 20090521  |h 332.1 ΘΩΜ  |p 005200030310  |q 005200030310  |t BK  |y 0 
852 |a INST  |b CHIOS  |e 20100817  |h 332.1 ΘΩΜ  |p 005200032022  |q 005200032022  |t BK  |y 0 
901 |a BIBL2-2009-2 
901 |a BIBL2-2010-2 
909 |a Χ  |b 147408 
909 |a Χ  |b 147409 
909 |a Χ  |b 148828 
970 |a ΒΑΣΙΛΑΚΗ  |b ΝΙΚΗ  |z 2009/05/21